00671nam a2200217 a 450000100060000000300080000600500170001400800410003102000250007203500190009704000230011604100080013908200250014710000280017224500630020026000650026330000330032850400380036165000200039970000340041967544BD-RjUL20211209081652.0811005s1982 caua b 001 0 eng  a0818504919 :c$29.95 a(BD-RjUL)67675 aDLCcDLCdDLCbeng aeng002123a536.7bLOT 19821 aLook, Dwight C.,d1938-10aThermodynamics /cDwight C. Look, Jr., Harry J. Sauer, Jr. aMonterey, Calif. :bBrooks/Cole Engineering Division,c1982. axi, 610 p. :bill. ;c24 cm. aIncludes Bibliography and index. 0aThermodynamics.1 aSauer, Harry J.,cJr.,d1935-